00462pab a2200133 454500008003900000100003000039245012800069260000800197300001500205362000800220650002600228700002200254773005200276180718b011 xxu||||| |||| 00| 0 eng d aMorgeson, Forrest V., III aDo they all perform alike? An examination of perceived performance, citizen satisfaction and trust with US federal agencies c011 ap.451-479. aSep aPerformance appraisal aPetrescu, Claudia aInternational Review of Administrative Sciences